000
00281nam a22001217a 4500
008
181030b xxu||||| |||| 00| 0 eng d
041
_a
eng
080
_a
910
100
_a
47
101
_a
ART
245
_a
tHE Day Watcerrs Writen And Illustred
_c
Peter.P
942
_2
udc
_c
BK
999
_c
51080
_d
51080